Recreating Eden :A natural history of Bortanical gardens
Saved in:
| Main Author: | |
|---|---|
| Format: | Book |
| Language: | Undetermined |
| Published: |
Canada
Véhicule Press
2001
|
| Subjects: | |
| Tags: |
Add Tag
No Tags, Be the first to tag this record!
|
| Institutions: | Trung tâm Học liệu Trường Đại học Cần Thơ |
|---|
| LEADER | 00489nam a2200169Ia 4500 | ||
|---|---|---|---|
| 001 | CTU_56093 | ||
| 008 | 210402s9999 xx 000 0 und d | ||
| 082 | |a 712.5 | ||
| 082 | |b S679 | ||
| 100 | |a Mary Soderstrom | ||
| 245 | 0 | |a Recreating Eden :A natural history of Bortanical gardens | |
| 245 | 0 | |c Mary Soderstrom | |
| 260 | |a Canada | ||
| 260 | |b Véhicule Press | ||
| 260 | |c 2001 | ||
| 650 | |a Landscape architecture - Canada | ||
| 980 | |a Trung tâm Học liệu Trường Đại học Cần Thơ | ||